000 01481nam a2200397 4500
001 0000024524
003 CO-CtgCURN
005 20250329191030.0
007 ta
008 160628s1989 000 0 eng d
020 _a9681631420
040 _aCO-CtgCURN
_bspa
_ccoctgcurn
082 0 _a320
_bB663e
100 1 _aBobbio, Norberto.
245 1 0 _aEstado gobierno y sociedad :
_bpor una teoria general de la política /
_cNorberto Bobbio , traducción José F. Fernández Santillan.
260 _aMexico :
_bFondo de Cultura Economica,
_c1989.
300 _a293 p.
336 _2rdacontent
337 _2rdamedia
_asin mediacion
_bn
338 _2rdacarrier
_avolumen
_bnc
490 1 _aBreviarios del Fondo de Cultura Economica ;
_v487
505 8 _aLa gran dicotomia publico/privado.--La sociedad civil.--Estado, poder y gobierno.--Democracia y dictadura
650 1 4 _aDemocracia.
650 1 4 _aSociología política.
650 1 4 _aEstado.
650 1 4 _aCiencia política.
700 1 _aFernández Santillan, José F.
_xTraductor.
908 _a160627
942 _cBK
_h320
_iB663e
_2ddc
999 _c11725
_d11725